000 01197cab a2200337 4500
001 ABS50756
008 090401t1994 xxu||||| |||| 00| 0 eng d
035 _a(Sirsi) u37010
041 _aeng
100 _aSherlock, R.
245 _aRating: changes and assessments
260 _c1994
350 _a0
490 _aValuer (ISVA)
_v63(4) May 1994, 8-9(2)
520 _aDiscusses the extent to which a valuer can press for a reduction of the rateable value of business premises on the basis of changed economic circumstances. Draws on caselaw made under the previous rating legislation to find ways of translating economic changes into permitted physical ones to benefit the ratepayer.
650 _aCLEMENT V ADDIS LTD
650 _aCOLLINGHAM V HARRIS
650 _aECONOMIC CIRCUMSTANCES
650 _aGENERAL RATE ACT 1967
650 _aLONRHO TEXTILES V TRIPPIER
650 _aMADICK V DUMBELL
650 _aMASON V SWALLOWS
650 _aPHYSICAL CHANGE
650 _aPLUMMERS LTD V PROCTER
650 _aRATING ASSESSMENTS
650 _aREDUCTION
650 _aSHEARSON LEHMAN V HUMPHRYS
690 _aRATING AND VALUATION
942 _n0
948 _c04/03/1997
999 _c23950
_d23950